000 00672aas a2200193 4500
999 _c63507
_d63507
001 768714001
003 CO-MdFUSB
005 20171026164206.0
008 171026s2010 ck ||||| |||| 00| 0 spa d
022 _a2145-8197
040 _aCO-MdFUSB
_bspa
_cCO-MdFUSB
_dCO-MdFUSB
041 _aspa
245 0 _aColombia 5, Argentina 0
_c/ El Tiempo
300 _aNúmero 9 (2010), página 16
_c: 28 cm.
520 1 _aLa selección nacional se ha lucido en un partido que la vaticina como un a de las preferidas para el mundial, pero allí todo será un fracaso.
650 1 4 _aHISTORIA
773 0 _tdk100
_049432
_959930
_gNúmero 9 (2010), página 16
_qPágina 16
942 _cANA